1141 1850 1931 1670 1665 1149 1289 1620 1281 1219 1180 1483 1073 1159 1501 1737 1661 1446 1846 1385 1334 1564 1362 1081 1692 1128 1543 1208 1205 1653 1808 1349 1977 1060 1911 1333 1980 1867 1080 1986 1248 1646 1725 1408 1222 1637 1451 1499 1782 1250 1004 1936 1481 1326 1751 1334 1425 1792 1834 1079 1261 1086 1703 1140 1144 1176 1976 1132 1915 1017 1770 1666 1330 1344 1657 1220 1139 1631 1891 1325 1162 1183 1614 1594 1774 1194 1962 1737 1318 1457 1504 1894 1983 1485 1295 1909 1312 1596 1407 BCNSPRNW ULIB Ver.6.0+V

เปลี่ยนเป็นภาษาไทย

Change to English
 แสดงรายละเอียดบรรณานุกรม
  กลับหน้าหลัก

Brief Record : Get Marc (ISO 2709) : E-mail record : QR code < ปิดหน้าต่าง
LEADER : 00000nam 2200000uu 4500
001    13399124218
003     ULIB
008    150127s2551||||th 000 0 tha d
099    ^aวจ.LB1032^bส882ผ
100    ^aสุวิมล มณีโชติ
245    ^aผลการจัดการเรียนรู้แบบโครงงานต่อความสามารถในการคิดและการเห็นคุณค่าในตนเองของนักศึกษาวิทยาลัยพยาบาลบรมราชชนนี ตรัง/^cโดย สุวิมล มณีโชติ
260    ^aตรัง :^bวิทยาลัยพยาบาลบรมราชชนนี ตรัง,^c2551
300    ^a88 หน้า
650    ^aการสอบขึ้นทะเบียนรับใบอนุญาติ^xวิจัย
710    ^aวิทยาลัยพยาบาลบรมราชชนนี ตรัง
945    ^p0^l0^i22809
999    ^aทศพร เกษรทอง
รายการนี้ยังไม่มีแท็ก
คุณยังไม่ได้ล็อกอิน คุณสามารถมีกิจกรรมร่วมกับเว็บไซต์ได้ แต่ต้องล็อกอินก่อน ::
  ล็อกอิน

รายการสื่อสารสนเทศ

ลำดับที่ ประเภท เลขเรียก/บาร์โค้ด สถานที่ สถานะ
1. งานวิจัย
งานวิจัย
วจ.LB1032 ส882ผ ฉ.1 
  Barcode: 22809
ห้องสมุดวิทยาเขตนครสวรรค์
►วิจัย:l:Research Room
บนชั้น

รายการใกล้เคียง
    ผู้แต่ง [สุวิมล มณีโชติ]

BibComment


ยังไม่เคยถูกคอมเมนท์

คอมเมนท์ทรัพยากรรายการนี้
  คอมเมนท์: ผลการจัดการเรียน..


 Copyright 2026. Bcnsprnw @Library